MARC details
| 000 -CABECERA |
| campo de control de longitud fija |
01034nam a2200277 a 4500 |
| 001 - NÚMERO DE CONTROL |
| campo de control |
000014580 |
| 005 - FECHA Y HORA DE LA ÚLTIMA TRANSACCIÓN |
| campo de control |
20200929163854.0 |
| 008 - DATOS DE LONGITUD FIJA--INFORMACIÓN GENERAL |
| campo de control de longitud fija |
100115s1996 ve 000 0 spa d |
| 020 ## - NÚMERO INTERNACIONAL ESTÁNDAR DEL LIBRO |
| Número Internacional Estándar del Libro |
9802763144 |
| 040 ## - FUENTE DE LA CATALOGACIÓN |
| Centro catalogador/agencia de origen |
DO-SdBNP |
| Lengua de catalogación |
spa |
| Centro/agencia transcriptor |
BNPHU |
| 082 ## - NÚMERO DE LA CLASIFICACIÓN DECIMAL DEWEY |
| Número de clasificación |
868.6 |
| Número de documento/Ítem |
M868o |
| 049 ## - FONDOS LOCALES (OCLC) |
| Fondos de biblioteca |
BNPD |
| 100 1# - ENTRADA PRINCIPAL--NOMBRE DE PERSONA |
| Nombre de persona |
Moron, Guillermo |
| 9 (RLIN) |
5372 |
| 245 10 - MENCIÓN DE TÍTULO |
| Título |
Obra escogida / |
| Mención de responsabilidad, etc. |
Guillermo Moron ; selección y prólogo José Ramón Medina ; cronología y bibliografía Roberto J. Lovera de Sola. |
| 260 ## - PUBLICACIÓN, DISTRIBUCIÓN, ETC. |
| Lugar de publicación, distribución, etc. |
Caracas, Venezuela : |
| Nombre del editor, distribuidor, etc. |
Biblioteca Ayacucho, |
| Fecha de publicación, distribución, etc. |
1996. |
| 300 ## - DESCRIPCIÓN FÍSICA |
| Extensión |
425 p. ; |
| Dimensiones |
24 cm. |
| 490 1# - MENCIÓN DE SERIE |
| Mención de serie |
Ayacucho |
| Designación de volumen o secuencia |
v. 211 |
| 500 ## - NOTA GENERAL |
| Nota general |
Incluye índice |
| 504 ## - NOTA DE BIBLIOGRAFÍA, ETC. |
| Nota de bibliografía, etc. |
Incluye referencias bibliográficas y notas al pie de las páginas |
| 504 ## - NOTA DE BIBLIOGRAFÍA, ETC. |
| Nota de bibliografía, etc. |
Incluye bibliografías (p. 425-439) |
| 600 12 - PUNTO DE ACCESO ADICIONAL DE MATERIA--NOMBRE DE PERSONA |
| Nombre de persona |
MORÓN, GUILLERMO |
| Fechas asociadas al nombre |
1926- |
| Subdivisión de forma |
COLECCIONES DE ESCRITOS |
| 9 (RLIN) |
33008 |
| 650 #4 - PUNTO DE ACCESO ADICIONAL DE MATERIA--TÉRMINO DE MATERIA |
| Término de materia o nombre geográfico como elemento de entrada |
Literatura venezuelana |
| 9 (RLIN) |
33009 |
| 700 1# - PUNTO DE ACCESO ADICIONAL--NOMBRE DE PERSONA |
| Nombre de persona |
Medina, José Ramón, |
| Término indicativo de función/relación |
pról. |
| 9 (RLIN) |
5174 |
| 700 1# - PUNTO DE ACCESO ADICIONAL--NOMBRE DE PERSONA |
| Nombre de persona |
Lovera Sola, Roberto J. de, |
| Término indicativo de función/relación |
bibliog. |
| 9 (RLIN) |
33010 |
| 830 #0 - PUNTO DE ACCESO ADICIONAL DE SERIE-TÍTULO UNIFORME |
| Título uniforme |
Ayacucho |
| Número de parte o sección de la obra |
no. 211 |
| 9 (RLIN) |
33011 |